| 000 | 00941nam a2200289 i 4500 | ||
|---|---|---|---|
| 001 | bg | ||
| 245 | 0 | 0 |
_aPolsko-angielski słownik budowlany / _c[transkrypcję fonetyczną oprac. Beata Łukaszewicz i Monika Opalińska]. |
| 250 | _aWyd. 1 (dodr.). | ||
| 260 |
_aWarszawa : _bWydawnictwa Naukowo-Techniczne, _c2007. |
||
| 300 |
_a371, [1] s. ; _c20 cm. |
||
| 490 | 1 | _aSłownik Podręczny | |
| 650 | 9 |
_aBudownictwo _xterminologia |
|
| 655 | _aSłowniki polsko-angielskie | ||
| 700 | 1 |
_aŁukaszewicz, Beata. _eOprac. |
|
| 700 | 1 |
_aOpalińska, Monika. _eOprac. |
|
| 830 | _aSłownik Podręczny | ||
| 015 | _aPB 3097/2007 | ||
| 020 | _a9788320430318 | ||
| 040 | _cBPK | ||
| 041 | 0 |
_apol _aeng |
|
| 044 | _aPOL | ||
| 080 | _a69(038)=162.1=111 | ||
| 920 |
_a83-204-3031-8 : _czł 32 |
||
| 942 | _cKS | ||
| 008 | 070129s2007 pl a |000 0 pol | ||
| 999 |
_c54712 _d54712 |
||
| 856 |
_uhttp://koha.tu.koszalin.pl/cgi-bin/koha/opac-detail.pl?biblionumber=54712 _yKatalog online BPK |
||